[Event "4th Memorial Warakomska-B 2020"]
[Site "Suwalki"]
[Date "2020.08.07"]
[Round "2.2"]
[White "Zalega, Maciej"]
[Black "Kiolbasa, Damian"]
[Result "1/2-1/2"]
[WhiteElo "1743"]
[BlackElo "1973"]
[Annotator "ChessBase"]
[PlyCount "98"]
[EventDate "2020.08.06"]
[EventType "swiss"]
[EventCountry "POL"]
[SourceTitle "playchess.com"]
[Source "ChessBase"]
[SourceQuality "1"]
[TimeControl "40/5400+30:1800+30"]

1. e4 {[%emt 0:00:00]} c6 {[%emt 0:00:00]} 2. d4 {[%emt 0:00:00]} d5 {[%emt 0:00:00]} 3. Nc3 {[%emt 0:00:23]} dxe4 {[%emt 0:00:01]} 4. Nxe4 {[%emt 0:00:05]} Nd7 {[%emt 0:00:03]} 5. Nf3 {[%emt 0:01:44]} Ndf6 {[%emt 0:00:11]} 6. Nxf6+ {[%emt 0:05:08]} exf6 {[%emt 0:00:02]} 7. Bf4 {[%emt 0:05:35]} Ne7 {[%emt 0:00:21]} 8. Bd3 {[%emt 0:02:28]} Nd5 {[%emt 0:00:34]} 9. Bg3 {[%emt 0:00:45]} Bd6 {[%emt 0:00:44]} 10. O-O {[%emt 0:02:10]} O-O {[%emt 0:00:59]} 11. c3 {[%emt 0:02:49]} Bg4 {[%emt 0:00:49]} 12. Qc2 {[%emt 0:00:53]} Bxf3 {[%emt 0:01:21]} 13. Bxh7+ {[%emt 0:00:28]} Kh8 {[%emt 0:00:03]} 14. gxf3 {[%emt 0:00:03]} Bxg3 {[%emt 0:00:34]} 15. hxg3 {[%emt 0:00:12]} g6 {[%emt 0:00:14]} 16. Bxg6 {[%emt 0:00:10]} fxg6 {[%emt 0:00:02]} 17. Qxg6 {[%emt 0:00:10]} Qd7 {[%emt 0:03:27]} 18. Kg2 {[%emt 0:01:03]} Qg7 {[%emt 0:00:00]} 19. Qf5 {[%emt 0:02:55]} Ne7 {[%emt 0:07:21]} 20. Qe6 {[%emt 0:02:35]} Qf7 {[%emt 0:03:08]} 21. Qg4 {[%emt 0:24:06]} Ng6 {[%emt 0:00:31]} 22. f4 {[%emt 0:03:57]} f5 {[%emt 0:00:18]} 23. Qg5 {[%emt 0:00:08]} Kg7 {[%emt 0:00:11]} 24. Rae1 {[%emt 0:00:52]} Qf6 {[%emt 0:01:26]} 25. Qxf6+ {[%emt 0:02:03]} Kxf6 {[%emt 0:00:44]} 26. Re3 {[%emt 0:03:12]} Rae8 {[%emt 0:00:25]} 27. Rh1 {[%emt 0:00:53]} Rh8 {[%emt 0:10:56]} 28. Rhe1 {[%emt 0:01:32]} Re7 {[%emt 0:00:02]} 29. Rxe7 {[%emt 0:00:51]} Nxe7 {[%emt 0:02:11]} 30. f3 {[%emt 0:01:22]} Rd8 {[%emt 0:00:26]} 31. Re5 {[%emt 0:02:55]} Rd5 {[%emt 0:00:20]} 32. Kf2 {[%emt 0:03:50]} c5 {[%emt 0:01:26]} 33. Ke3 {[%emt 0:01:39]} cxd4+ {[%emt 0:00:24]} 34. cxd4 {[%emt 0:00:04]} Rd7 {[%emt 0:01:12]} 35. g4 {[%emt 0:02:25]} Rd6 {[%emt 0:03:19]} 36. Kd3 {[%emt 0:05:17]} Ra6 {[%emt 0:07:52]} 37. d5 {[%emt 0:02:35]} Rxa2 {[%emt 0:15:31]} 38. d6 {[%emt 0:00:26]} Nc6 {[%emt 0:00:11]} 39. g5+ {[%emt 0:01:31]} Kg7 {[%emt 0:06:30]} 40. d7 {[%emt 0:00:00]} Rxb2 {[%emt 0:00:00]} 41. Re7+ {[%emt 0:03:02]} Kf8 {[%emt 0:20:10]} 42. Re8+ {[%emt 0:00:56]} Kf7 {[%emt 0:05:26]} 43. d8=Q {[%emt 0:07:53]} Nxd8 {[%emt 0:00:29]} 44. Rxd8 {[%emt 0:00:07]} Rb6 {[%emt 0:06:56]} 45. Rd5 {[%emt 0:02:07]} Kg6 {[%emt 0:00:03]} 46. Kd4 {[%emt 0:01:14]} Rb3 47. Rd6+ Kg7 48. Ke5 Rb5+ 49. Ke6 a5 1/2-1/2

[Event "4th Memorial Warakomska-B 2020"]
[Site "Suwalki"]
[Date "2020.08.07"]
[Round "2.3"]
[White "Ryszkiewicz, Adam"]
[Black "Siekanska, Zuzanna"]
[Result "1-0"]
[WhiteElo "1941"]
[BlackElo "1680"]
[Annotator "ChessBase"]
[PlyCount "59"]
[EventDate "2020.08.06"]
[EventType "swiss"]
[EventCountry "POL"]
[SourceTitle "playchess.com"]
[Source "ChessBase"]
[SourceQuality "1"]
[TimeControl "40/5400+30:1800+30"]

1. e4 {[%emt 0:00:00]} c5 {[%emt 0:00:00]} 2. Nf3 {[%emt 0:00:00]} e6 {[%emt 0:00:00]} 3. d4 {[%emt 0:00:00]} cxd4 {[%emt 0:00:00]} 4. Nxd4 {[%emt 0:00:00]} Nf6 {[%emt 0:00:06]} 5. Nc3 {[%emt 0:00:00]} d6 {[%emt 0:00:07]} 6. Be3 {[%emt 0:00:00]} a6 {[%emt 0:00:33]} 7. a4 {[%emt 0:00:19]} b6 {[%emt 0:08:09]} 8. Be2 {[%emt 0:00:33]} Bb7 {[%emt 0:01:00]} 9. f3 {[%emt 0:00:06]} Nbd7 {[%emt 0:01:16]} 10. Qd2 {[%emt 0:00:14]} Rc8 {[%emt 0:02:08]} 11. O-O {[%emt 0:00:32]} Be7 {[%emt 0:00:42]} 12. Rfd1 {[%emt 0:13:03]} O-O {[%emt 0:03:31]} 13. Qe1 {[%emt 0:01:39]} Ne5 {[%emt 0:11:30]} 14. Qg3 {[%emt 0:01:30]} Kh8 {[%emt 0:03:48]} 15. Nb3 {[%emt 0:09:52]} Nc4 {[%emt 0:03:53]} 16. Bxc4 {[%emt 0:00:07]} Rxc4 {[%emt 0:00:08]} 17. Qf2 {[%emt 0:01:06]} Nd7 {[%emt 0:03:51]} 18. Rd2 {[%emt 0:06:47]} Rc8 {[%emt 0:09:05]} 19. Bf4 {[%emt 0:04:07]} Qc7 {[%emt 0:02:45]} 20. Rad1 {[%emt 0:00:30]} e5 {[%emt 0:01:26]} 21. Be3 {[%emt 0:00:06]} f5 {[%emt 0:00:48]} 22. exf5 {[%emt 0:00:24]} Rxf5 {[%emt 0:00:20]} 23. Qe2 {[%emt 0:07:23]} Qc4 {[%emt 0:08:10]} 24. Nc1 {[%emt 0:06:18]} Qh4 {[%emt 0:04:33]} 25. Qf2 {[%emt 0:06:20]} Qf6 {[%emt 0:07:06]} 26. N1e2 {[%emt 0:02:23]} Bxf3 {[%emt 0:11:48]} 27. Ng3 {[%emt 0:04:28]} Bxd1 {[%emt 0:04:27]} 28. Qxf5 {[%emt 0:00:33]} Bxc2 {[%emt 0:05:03]} 29. Rxc2 {[%emt 0:01:02]} Rd8 {[%emt 0:02:04]} 30. Nd5 {[%emt 0:00:50]} 1-0

[Event "4th Memorial Warakomska-B 2020"]
[Site "Suwalki"]
[Date "2020.08.07"]
[Round "2.4"]
[White "Sapinski, Sebastian"]
[Black "Sapeta, Robert"]
[Result "1/2-1/2"]
[WhiteElo "1603"]
[BlackElo "1895"]
[Annotator "NA"]
[PlyCount "69"]
[EventDate "2020.08.06"]
[EventType "swiss"]
[EventCountry "POL"]
[SourceTitle "playchess.com"]
[Source "ChessBase"]
[SourceQuality "1"]
[TimeControl "40/5400+30:1800+30"]

1. e4 {[%emt 0:00:00]} g6 {[%emt 0:00:00]} 2. d4 {[%emt 0:00:00]} Bg7 {[%emt 0:00:00]} 3. Nf3 {[%emt 0:01:58]} d6 {[%emt 0:00:09]} 4. Bc4 {[%emt 0:04:16]} Nf6 {[%emt 0:01:00]} 5. Nbd2 {[%emt 0:04:19]} O-O {[%emt 0:07:44]} 6. O-O {[%emt 0:03:53]} c6 {[%emt 0:04:27]} 7. c3 {[%emt 0:05:36]} Nbd7 {[%emt 0:03:19] B07: Pirc Defence: Miscellaneous Systems.} 8. Re1 {[%emt 0:04:17]} e5 {[%emt 0:01:38]} 9. Bb3 {[%emt 0:04:22]} b5 {[%emt 0:04:38]} 10. a4 {[%emt 0:04:37]} a5 {[%emt 0:09:03]} 11. Nf1 {[%emt 0:07:03] [#]} h6 $146 {[%emt 0:02:23]} ({Predecessor:} 11... Qc7 12. Bc2 Rd8 13. Bg5 h6 14. Be3 Bb7 15. Ng3 Ng4 16. Bd2 Nb6 17. Qc1 Nc4 {0-1 (39) Adair,M (1384)-Mueller,P (1785) Frankfurt 2006}) 12. h3 {[%emt 0:04:32]} Bb7 {[%emt 0:06:59]} 13. Ng3 {[%emt 0:08:29]} exd4 {[%emt 0:25:11]} 14. cxd4 {[%emt 0:01:51]} bxa4 {[%emt 0:00:48]} 15. Bxa4 {[%emt 0:04:53]} Nb6 {[%emt 0:10:09]} 16. Bb3 {[%emt 0:09:34]} c5 {[%emt 0:05:37]} 17. e5 {[%emt 0:03:51]} dxe5 {[%emt 0:10:06]} 18. dxc5 {[%emt 0:06:26]} (18. dxe5 $14 Qxd1 19. Bxd1 (19. Rxd1 Nfd5 $15)) 18... Qxd1 {[%emt 0:00:25]} 19. Bxd1 {[%emt 0:00:11]} Nbd7 {[%emt 0:00:35]} 20. Nxe5 {[%emt 0:02:28]} Nxc5 {[%emt 0:00:49]} 21. Be3 {[%emt 0:02:00]} Ne6 {[%emt 0:00:52]} 22. Bb3 {[%emt 0:02:39]} Bd5 {[%emt 0:00:24]} 23. Bxd5 {[%emt 0:03:27]} Nxd5 {[%emt 0:00:05]} 24. Bd2 {[%emt 0:00:28]} Nc5 {[%emt 0:02:37]} 25. Rxa5 {[%emt 0:01:43]} Rxa5 {[%emt 0:00:14]} 26. Bxa5 {[%emt 0:00:07]} Nb3 {[%emt 0:00:20]} 27. Bc3 {[%emt 0:00:48]} Re8 {[%emt 0:01:08]} 28. Nc4 {[%emt 0:03:09]} Rxe1+ {[%emt 0:01:15]} 29. Bxe1 $11 {[%emt 0:00:07]} Nf4 {[%emt 0:00:26]} 30. Bc3 {[%emt 0:00:32]} Bxc3 {[%emt 0:00:26]} 31. bxc3 {[%emt 0:00:04]} Nc1 {[%emt 0:00:56]} 32. Kf1 {[%emt 0:01:21]} Na2 {[%emt 0:00:07]} 33. Ne2 {[%emt 0:02:20]} Nxe2 {[%emt 0:00:13]} 34. Kxe2 {[%emt 0:00:11]} Nxc3+ {[%emt 0:00:02]} 35. Kd3 {[%emt 0:01:28]} 1/2-1/2

[Event "4th Memorial Warakomska-B 2020"]
[Site "Suwalki"]
[Date "2020.08.07"]
[Round "2.5"]
[White "Kaznowska, Weronika"]
[Black "Obolonin, Filipp"]
[Result "0-1"]
[WhiteElo "1594"]
[BlackElo "1922"]
[Annotator "ChessBase"]
[PlyCount "126"]
[EventDate "2020.08.06"]
[EventType "swiss"]
[EventCountry "POL"]
[SourceTitle "playchess.com"]
[Source "ChessBase"]
[SourceQuality "1"]
[TimeControl "40/5400+30:1800+30"]

1. d4 {[%emt 0:00:00]} Nf6 {[%emt 0:06:18]} 2. c4 {[%emt 0:00:01]} e6 {[%emt 0:00:08]} 3. Nc3 {[%emt 0:00:28]} d5 {[%emt 0:01:03]} 4. Bf4 {[%emt 0:01:37]} c6 {[%emt 0:00:12]} 5. e3 {[%emt 0:01:31]} Nbd7 {[%emt 0:00:17]} 6. Nf3 {[%emt 0:04:33]} Be7 {[%emt 0:00:48]} 7. Bd3 {[%emt 0:00:59]} Nh5 {[%emt 0:00:19]} 8. Be5 {[%emt 0:08:47]} Nxe5 {[%emt 0:01:00]} 9. Nxe5 {[%emt 0:00:06]} Nf6 {[%emt 0:01:56]} 10. c5 {[%emt 0:08:44]} Nd7 {[%emt 0:00:19]} 11. Nxd7 {[%emt 0:05:41]} Bxd7 {[%emt 0:00:07]} 12. b4 {[%emt 0:02:58]} b6 {[%emt 0:00:06]} 13. O-O {[%emt 0:00:44]} O-O {[%emt 0:00:23]} 14. f4 {[%emt 0:03:29]} a5 {[%emt 0:00:40]} 15. a3 {[%emt 0:01:24]} g6 {[%emt 0:04:11]} 16. Na4 {[%emt 0:08:15]} axb4 {[%emt 0:00:23]} 17. axb4 {[%emt 0:00:08]} bxc5 {[%emt 0:00:19]} 18. bxc5 {[%emt 0:00:14]} f6 {[%emt 0:01:44]} 19. Nb6 {[%emt 0:04:21]} Rxa1 {[%emt 0:01:15]} 20. Qxa1 {[%emt 0:00:08]} e5 {[%emt 0:00:49]} 21. Qa7 {[%emt 0:01:26]} Be8 {[%emt 0:02:16]} 22. Ra1 {[%emt 0:02:39]} exd4 {[%emt 0:00:24]} 23. exd4 {[%emt 0:02:18]} f5 {[%emt 0:00:06]} 24. Re1 {[%emt 0:11:12]} Bf6 {[%emt 0:00:25]} 25. Qa4 {[%emt 0:00:07]} Rf7 {[%emt 0:00:34]} 26. Re6 {[%emt 0:13:09]} Re7 {[%emt 0:03:21]} 27. Rxe7 {[%emt 0:04:24]} Qxe7 {[%emt 0:01:11]} 28. Kf2 {[%emt 0:00:13]} Qg7 {[%emt 0:03:22]} 29. Ke3 {[%emt 0:00:47]} g5 {[%emt 0:00:11]} 30. Nxd5 {[%emt 0:01:15]} gxf4+ {[%emt 0:03:06]} 31. Nxf4 {[%emt 0:00:13]} Qh6 {[%emt 0:03:52]} 32. h3 {[%emt 0:04:22]} Qg5 {[%emt 0:04:44]} 33. Qa2+ {[%emt 0:06:01]} Bf7 {[%emt 0:00:49]} 34. Qf2 {[%emt 0:00:14]} Bg7 {[%emt 0:02:27]} 35. Ke2 {[%emt 0:00:13]} Qf6 {[%emt 0:00:23]} 36. Ke3 {[%emt 0:02:09]} Qxd4+ {[%emt 0:00:12]} 37. Kf3 {[%emt 0:00:10]} Qc3 {[%emt 0:04:49]} 38. Qc2 {[%emt 0:00:38]} Qa3 {[%emt 0:01:14]} 39. Ne2 {[%emt 0:01:15]} Bd5+ {[%emt 0:00:54]} 40. Kf2 {[%emt 0:00:00]} Bf8 {[%emt 0:00:00]} 41. Bxf5 {[%emt 0:09:34]} Bxc5+ {[%emt 0:01:43]} 42. Ke1 {[%emt 0:02:25]} Qe3 {[%emt 0:14:40]} 43. Bxh7+ {[%emt 0:05:42]} Kh8 {[%emt 0:00:39]} 44. Bd3 {[%emt 0:00:44]} Bb4+ {[%emt 0:10:11]} 45. Kd1 {[%emt 0:04:21]} c5 {[%emt 0:02:20]} 46. Qb2+ {[%emt 0:01:42]} Kg8 {[%emt 0:00:58]} 47. Nc1 {[%emt 0:04:59]} Qe1+ {[%emt 0:15:24]} 48. Kc2 {[%emt 0:00:41]} c4 {[%emt 0:01:17]} 49. Bg6 {[%emt 0:04:18]} Qf2+ {[%emt 0:01:00]} 50. Kb1 {[%emt 0:00:39]} Qb6 {[%emt 0:01:03]} 51. Bf5 {[%emt 0:02:04]} c3 {[%emt 0:01:05]} 52. Qe2 {[%emt 0:00:43]} Ba3+ {[%emt 0:07:14]} 53. Kc2 {[%emt 0:00:35]} Qb2+ {[%emt 0:01:22]} 54. Kd3 {[%emt 0:00:33]} Qb5+ {[%emt 0:02:13]} 55. Ke3 {[%emt 0:00:38]} Bxc1+ {[%emt 0:00:39]} 56. Kf2 {[%emt 0:00:34]} Qxe2+ {[%emt 0:01:13]} 57. Kxe2 {[%emt 0:00:33]} Bxg2 {[%emt 0:00:37]} 58. Kd3 {[%emt 0:00:37]} Bd2 {[%emt 0:00:47]} 59. Kc2 {[%emt 0:00:36]} Kg7 {[%emt 0:00:35]} 60. Bg4 {[%emt 0:00:34]} Kh6 {[%emt 0:00:35]} 61. Bf5 {[%emt 0:00:32]} Kg5 {[%emt 0:00:41]} 62. Bd3 {[%emt 0:00:36]} Bxh3 {[%emt 0:00:40]} 63. Bh7 {[%emt 0:00:34]} Bf5+ {[%emt 0:00:38]} 0-1

[Event "4th Memorial Warakomska-B 2020"]
[Site "Suwalki"]
[Date "2020.08.07"]
[Round "2.6"]
[White "Widelski, Kacper"]
[Black "Pieczulis, Blazej"]
[Result "1-0"]
[WhiteElo "1879"]
[BlackElo "1608"]
[Annotator "NA"]
[PlyCount "103"]
[EventDate "2020.08.06"]
[EventType "swiss"]
[EventCountry "POL"]
[SourceTitle "playchess.com"]
[Source "ChessBase"]
[SourceQuality "1"]
[TimeControl "40/5400+30:1800+30"]

{[%evp 8,79,15,11,26,8,12,-8,17,-4,6,-26,-7,8,7,-24,-15,-61,8,10,14,9,11,4,7,3,14,8,6,32767,62,32767,32767,32767,32767,93,32767,32767,32767,107,108,113,110,32767,32767,110,32767,191,700,32767,32767,32767,32767,32767,32767,196,184,32767,32767,32767,32767,66,32767,6079,32767,32767,32767,12420,32767,29940,32767,29970,29964,29974]} 1. c4 {[%emt 0:00:00]} Nf6 {[%emt 0:00:00]} 2. g3 {[%emt 0:00:06]} e6 {[%emt 0:00:47]} 3. Bg2 {[%emt 0:00:11]} Be7 {[%emt 0:00:37]} 4. Nf3 {[%emt 0:01:33]} O-O {[%emt 0:00:54]} 5. O-O {[%emt 0:00:23]} d5 {[%emt 0:01:53]} 6. d4 {[%emt 0:00:48]} Nbd7 {[%emt 0:02:38]} 7. Nc3 {[%emt 0:06:48]} c6 {[%emt 0:02:51]} 8. e3 {[%emt 0:02:10]} dxc4 {[%emt 0:02:05]} 9. Nd2 {[%emt 0:17:36] E07: Closed Catalan: Main Line (5 Nf3 0-0 6 0-0 Nbd7).} e5 {[%emt 0:07:09]} 10. Nxc4 {[%emt 0:08:57]} exd4 {[%emt 0:00:37] [#]} 11. Qxd4 $146 {[%emt 0:07:03]} ({Predecessor:} 11. exd4 Nb6 12. Ne5 Be6 13. Re1 Nbd5 14. Bg5 h6 15. Bxf6 Bxf6 16. Qd2 Nxc3 17. bxc3 {½-½ (47) Jakovljevic,V (2420)-Schartz,A (2202) Budva 2009}) 11... Nb6 {[%emt 0:03:44]} 12. Nxb6 {[%emt 0:07:14]} Qxd4 {[%emt 0:01:03]} (12... axb6 $15 13. Rd1 Bg4) 13. exd4 {[%emt 0:00:36]} axb6 {[%emt 0:00:07]} 14. d5 {[%emt 0:01:27]} cxd5 {[%emt 0:08:48]} 15. Nxd5 {[%emt 0:02:31]} Nxd5 {[%emt 0:04:21]} 16. Bxd5 {[%emt 0:00:16]} Ra5 {[%emt 0:00:28]} 17. Be4 {[%emt 0:10:55]} Be6 {[%emt 0:06:55]} 18. a3 {[%emt 0:02:44]} Bc4 {[%emt 0:07:54]} 19. Re1 {[%emt 0:04:35]} Bb4 {[%emt 0:07:46]} 20. Rd1 {[%emt 0:02:17]} Bb3 {[%emt 0:03:48]} 21. Bd2 {[%emt 0:03:59]} Bxd2 {[%emt 0:09:32]} 22. Rxd2 {[%emt 0:00:07]} Re5 {[%emt 0:00:59]} 23. Bxb7 {[%emt 0:01:41]} g6 {[%emt 0:00:23]} 24. Rc1 {[%emt 0:01:44]} Rfe8 {[%emt 0:00:41]} 25. Rc8 {[%emt 0:03:47]} Rxc8 {[%emt 0:00:34]} 26. Bxc8 {[%emt 0:00:02]} Bd5 {[%emt 0:00:22]} 27. f4 {[%emt 0:00:18]} Re1+ {[%emt 0:00:48]} 28. Kf2 {[%emt 0:00:08]} Rc1 {[%emt 0:00:04]} 29. Rxd5 {[%emt 0:00:34]} Rxc8 {[%emt 0:00:04]} 30. Rb5 {[%emt 0:00:52]} Rc6 {[%emt 0:00:19]} 31. a4 {[%emt 0:03:39]} Kg7 {[%emt 0:00:11]} 32. b4 {[%emt 0:00:44]} Kf6 {[%emt 0:00:14]} 33. a5 {[%emt 0:00:12]} bxa5 {[%emt 0:00:26]} 34. bxa5 {[%emt 0:00:29]} Ke6 {[%emt 0:00:16]} 35. Rb6 {[%emt 0:01:17]} Rxb6 {[%emt 0:06:02]} 36. axb6 {[%emt 0:00:02]} Kd6 {[%emt 0:00:08]} 37. Ke3 {[%emt 0:00:14]} Kc6 {[%emt 0:00:03]} 38. Ke4 {[%emt 0:00:30]} f6 {[%emt 0:00:06] [#]} 39. b7 $1 {[%emt 0:00:15]} Kxb7 {[%emt 0:00:04]} 40. Kd5 {[%emt 0:00:00]} Kc7 {[%emt 0:00:00]} 41. Ke6 {[%emt 0:01:10]} f5 {[%emt 0:01:12]} 42. Kf7 {[%emt 0:00:54]} Kd7 {[%emt 0:00:35]} 43. Kg7 {[%emt 0:00:35]} Ke7 {[%emt 0:00:34]} 44. Kxh7 {[%emt 0:00:34]} Kf7 {[%emt 0:00:40]} 45. Kh6 {[%emt 0:00:41]} Kf6 {[%emt 0:00:36]} 46. h4 {[%emt 0:00:40]} Kf7 {[%emt 0:00:45]} 47. h5 {[%emt 0:00:41]} gxh5 {[%emt 0:00:51]} 48. Kxh5 {[%emt 0:00:35]} Kf6 {[%emt 0:00:42]} 49. Kh6 {[%emt 0:00:35]} Kf7 {[%emt 0:00:38]} 50. Kg5 {[%emt 0:00:34]} Ke6 {[%emt 0:00:36]} 51. Kg6 {[%emt 0:00:33]} Ke7 {[%emt 0:00:35]} 52. Kxf5 {[%emt 0:00:34]} 1-0

[Event "4th Memorial Warakomska-B 2020"]
[Site "Suwalki"]
[Date "2020.08.07"]
[Round "2.7"]
[White "Lukasik, Zuzanna"]
[Black "Cwiek, Ryszard"]
[Result "1/2-1/2"]
[WhiteElo "1553"]
[BlackElo "1867"]
[Annotator "NA"]
[PlyCount "167"]
[EventDate "2020.08.06"]
[EventType "swiss"]
[EventCountry "POL"]
[SourceTitle "playchess.com"]
[Source "ChessBase"]
[SourceQuality "1"]
[TimeControl "40/5400+30:1800+30"]

1. e4 {[%emt 0:00:00]} e6 {[%emt 0:00:00]} 2. d4 {[%emt 0:00:07]} d5 {[%emt 0:00:00]} 3. Nd2 {[%emt 0:00:12]} Nf6 {[%emt 0:00:22]} 4. e5 {[%emt 0:00:07]} Nfd7 {[%emt 0:00:13]} 5. Bd3 {[%emt 0:01:35]} c5 {[%emt 0:00:10]} 6. c3 {[%emt 0:00:19]} Nc6 {[%emt 0:01:51]} 7. Ne2 {[%emt 0:01:51]} cxd4 {[%emt 0:13:23]} 8. cxd4 {[%emt 0:00:20]} f6 {[%emt 0:16:07]} 9. exf6 {[%emt 0:01:42]} Nxf6 {[%emt 0:00:12]} 10. Nf3 {[%emt 0:02:30]} Bd6 {[%emt 0:00:26]} 11. O-O {[%emt 0:01:25]} O-O {[%emt 0:00:33]} 12. Bg5 {[%emt 0:03:46]} Qe8 {[%emt 0:06:58]} 13. Re1 {[%emt 0:06:58] C06: French Tarrasch: 3...Nf6 4 e5 Nfd7 5 Bd3 main lines.} Ne4 {[%emt 0:21:41] [#]} 14. Be3 $146 {[%emt 0:15:23]} ({Predecessor:} 14. Bh4 Bb4 15. Rf1 Rxf3 16. Bxe4 dxe4 17. gxf3 exf3 18. Nc3 Qh5 19. Bg3 Nxd4 20. Kh1 e5 {0-1 (37) Koedijk,K (1681)-Rupert,C (2036) Groningen 2018}) 14... Qh5 {[%emt 0:07:04]} 15. Ng3 {[%emt 0:03:45]} Nxg3 {[%emt 0:05:23]} 16. fxg3 {[%emt 0:01:04]} Be7 {[%emt 0:04:43]} 17. Bf4 {[%emt 0:06:00]} Bf6 {[%emt 0:00:29]} 18. Bb5 {[%emt 0:05:04]} Bd7 {[%emt 0:04:26]} 19. Bxc6 {[%emt 0:02:01]} bxc6 {[%emt 0:00:01]} 20. Ne5 {[%emt 0:02:21]} Qxd1 {[%emt 0:00:10]} 21. Raxd1 {[%emt 0:00:14]} Be8 {[%emt 0:05:07]} 22. Rc1 {[%emt 0:02:42]} Rc8 {[%emt 0:00:20]} 23. Bd2 {[%emt 0:02:25]} Rb8 {[%emt 0:02:11]} 24. Bc3 {[%emt 0:01:22]} Be7 {[%emt 0:01:28]} 25. Nd3 {[%emt 0:05:49]} Rf6 {[%emt 0:00:19]} 26. a3 {[%emt 0:02:41]} a5 {[%emt 0:02:50]} 27. Bxa5 {[%emt 0:04:07]} Bg6 {[%emt 0:00:06]} 28. Bb4 {[%emt 0:02:15]} Bxd3 {[%emt 0:01:13]} 29. Bxe7 {[%emt 0:00:08]} Rg6 {[%emt 0:00:16]} 30. b4 {[%emt 0:04:33]} ({Don't take} 30. Rxc6 $6 Rxb2 31. Rc8+ Kf7 $14) ({White should try} 30. Rc3 $18 Rb7 31. Bb4 (31. Rxd3 Rxe7 32. Rc3 Rg4 $18)) 30... Bb5 {[%emt 0:00:12]} 31. Re3 {[%emt 0:00:56]} Kf7 {[%emt 0:00:51]} 32. Bd6 {[%emt 0:00:35]} Rd8 {[%emt 0:00:18]} 33. Be5 {[%emt 0:00:23]} Rg4 {[%emt 0:01:12]} 34. h3 {[%emt 0:03:57]} Rg6 {[%emt 0:01:32]} 35. Rc2 {[%emt 0:01:04]} Ra8 {[%emt 0:00:49]} 36. Rf3+ {[%emt 0:00:58]} Kg8 {[%emt 0:00:23]} 37. Rcf2 {[%emt 0:01:51]} h5 {[%emt 0:00:21]} 38. Bd6 {[%emt 0:01:18]} Kh7 {[%emt 0:00:49]} 39. Re3 {[%emt 0:00:31]} Kg8 {[%emt 0:00:44]} 40. Be5 {[%emt 0:01:03]} Bc4 {[%emt 0:00:00]} 41. Rc2 {[%emt 0:01:09]} Bb5 {[%emt 0:01:15]} 42. Ra2 {[%emt 0:01:04]} Ba4 {[%emt 0:01:24]} 43. Bf4 {[%emt 0:00:56]} Rf6 {[%emt 0:03:08]} 44. Re5 {[%emt 0:01:44]} g6 {[%emt 0:00:10]} 45. Rae2 {[%emt 0:02:47]} Kf7 {[%emt 0:01:19]} 46. h4 {[%emt 0:02:54]} Re8 {[%emt 0:01:05]} 47. Bg5 {[%emt 0:01:16]} Rf5 {[%emt 0:00:05]} 48. Rf2 {[%emt 0:00:21]} Ra8 {[%emt 0:02:43]} 49. Re3 {[%emt 0:01:13]} Bb5 {[%emt 0:00:57]} 50. Bf4 {[%emt 0:00:56]} Ba4 {[%emt 0:01:18]} 51. Rd2 {[%emt 0:00:32]} Bb5 {[%emt 0:00:28]} 52. Kh2 {[%emt 0:00:56]} Ke7 {[%emt 0:01:23]} 53. Rd1 {[%emt 0:01:43]} Kd7 {[%emt 0:02:32]} 54. Kh3 {[%emt 0:02:41]} Rff8 {[%emt 0:03:38]} 55. Rde1 {[%emt 0:01:00]} Rae8 {[%emt 0:01:52]} 56. Rf3 {[%emt 0:00:44]} Rf5 {[%emt 0:02:43]} 57. g4 {[%emt 0:04:57]} hxg4+ {[%emt 0:00:03]} 58. Kxg4 {[%emt 0:00:16]} Ref8 {[%emt 0:00:41]} 59. Be5 {[%emt 0:03:42]} Rxf3 {[%emt 0:00:33]} 60. gxf3 {[%emt 0:00:10]} Bd3 {[%emt 0:01:06]} 61. Re3 {[%emt 0:01:42]} Bf5+ {[%emt 0:01:03]} 62. Kg5 {[%emt 0:00:48]} Ra8 {[%emt 0:00:27]} 63. Rc3 {[%emt 0:01:54]} Ra7 {[%emt 0:01:13]} 64. Kf6 {[%emt 0:01:59]} Ra8 {[%emt 0:01:23]} 65. f4 {[%emt 0:01:48]} Rf8+ {[%emt 0:01:53]} 66. Kg7 {[%emt 0:01:43]} Ra8 {[%emt 0:00:04] [#]} 67. Kf7 $1 {[%emt 0:01:29]} Ra7 {[%emt 0:00:57]} 68. Kf6 {[%emt 0:00:45]} Ra8 {[%emt 0:00:09]} 69. Kf7 {[%emt 0:01:40]} (69. Rg3 $16) 69... Ra7 {[%emt 0:00:05]} 70. Rg3 {[%emt 0:01:44]} Ra8 {[%emt 0:00:41]} 71. Rc3 {[%emt 0:01:42]} Ra7 $1 {[%emt 0:00:36]} 72. Rg3 {[%emt 0:00:31]} Ra8 {[%emt 0:00:05]} 73. Kg7 {[%emt 0:02:15]} Ra7 {[%emt 0:00:15]} 74. Kh6 {[%emt 0:00:15]} Ra4 {[%emt 0:06:44]} 75. h5 {[%emt 0:00:52]} gxh5 {[%emt 0:00:04]} 76. Kxh5 {[%emt 0:00:08]} Kd8 {[%emt 0:01:02]} 77. Kg5 {[%emt 0:03:01]} Kc8 {[%emt 0:00:14]} (77... Ke7 $16 78. Rc3 Ra6) 78. Kf6 {[%emt 0:00:19]} Kb7 {[%emt 0:00:12]} 79. Ke7 {[%emt 0:00:29]} Ra8 $1 $11 {[%emt 0:01:00] and Black has nothing to worry.} 80. Kd7 {[%emt 0:02:39]} Kb6 {[%emt 0:03:05]} 81. Ke7 $2 {[%emt 0:02:00]} (81. Rc3 $18) 81... Ra7+ $2 {[%emt 0:01:22]} 82. Kf6 {[%emt 0:00:52]} Kb5 {[%emt 0:00:51]} 83. Rc3 {[%emt 0:00:34]} Bg4 {[%emt 0:02:03]} 84. Rg3 $11 {[%emt 0:01:37]} (84. Bb8 $18 Rb7 85. Bd6) 1/2-1/2

[Event "4th Memorial Warakomska-B 2020"]
[Site "Suwalki"]
[Date "2020.08.07"]
[Round "2.8"]
[White "Wierzbicki, Michal"]
[Black "Racis, Michal"]
[Result "1-0"]
[WhiteElo "1849"]
[BlackElo "1273"]
[Annotator "NA"]
[PlyCount "47"]
[EventDate "2020.08.06"]
[EventType "swiss"]
[EventCountry "POL"]
[SourceTitle "playchess.com"]
[Source "ChessBase"]
[SourceQuality "1"]
[TimeControl "40/5400+30:1800+30"]

{[%evp 9,35,23,32,22,52,32767,32767,32767,52,32767,32767,29,35,22,129,127,32767,32767,129,123,141,138,144,142,181,160,166,148]} 1. d4 {[%emt 0:00:00]} d5 {[%emt 0:00:00]} 2. Nf3 {[%emt 0:00:00]} Nf6 {[%emt 0:00:02]} 3. c4 {[%emt 0:00:00]} e6 {[%emt 0:00:29]} 4. Nc3 {[%emt 0:03:03]} Be7 {[%emt 0:09:24]} 5. Bf4 {[%emt 0:07:39]} c6 {[%emt 0:01:48]} 6. e3 {[%emt 0:00:41]} b6 {[%emt 0:03:47]} 7. Qc2 {[%emt 0:05:31]} Bb7 {[%emt 0:01:32]} 8. cxd5 {[%emt 0:01:40]} exd5 {[%emt 0:03:40]} 9. Bd3 {[%emt 0:01:56]} Nbd7 {[%emt 0:01:58]} 10. h3 {[%emt 0:05:44]} O-O {[%emt 0:01:01]} 11. Ne5 {[%emt 0:17:56]} Rc8 {[%emt 0:06:06]} (11... Re8 $11 {remains equal.}) 12. Nxd7 {[%emt 0:01:29]} Qxd7 {[%emt 0:01:42]} 13. Bf5 {[%emt 0:00:04]} Qd8 {[%emt 0:03:05]} 14. Bxc8 {[%emt 0:00:29]} Qxc8 {[%emt 0:01:20]} 15. O-O {[%emt 0:00:41]} Qe6 {[%emt 0:04:23]} 16. Rfe1 {[%emt 0:04:07]} Nh5 {[%emt 0:03:32]} 17. Bh2 {[%emt 0:12:27]} f5 {[%emt 0:02:24]} 18. Ne2 $16 {[%emt 0:02:17]} g5 {[%emt 0:19:30]} 19. Be5 {[%emt 0:14:34]} Bf6 {[%emt 0:09:27]} 20. Bxf6 {[%emt 0:00:22]} Rxf6 {[%emt 0:01:27]} 21. Ng3 {[%emt 0:07:32]} Ng7 {[%emt 0:01:30]} 22. f3 {[%emt 0:07:29]} Qd6 {[%emt 0:01:18]} 23. Nf1 {[%emt 0:00:40]} Ba6 {[%emt 0:17:02]} 24. Rad1 {[%emt 0:01:56]} 1-0